000 00539nam a2200157 i 4500
001 79408
003 ES-MaACL
005 20230906173954.0
007 t|
008 041021s1925 cu ||||1| spa d
100 1 _aHernández, Eusebio Adolfo.
_962804
245 1 3 _aEl problema de la muerte
_b: Tanatología, ¿es un capítulo de la medicina legal o de la medicina científica? /
_cpor Eusebio Adolfo Hernández.
260 _aLa Habana :
_b[s.n.,
_c1925] (
_fImp. El Siglo XX)
300 _a26 p. ;
_c26 cm.
852 _aES-MaACL
_j1687-F-9
999 _c79408
_d79408